Movies Quiz

Random Movies or Clickable Quiz

Movies: Now THAT'S a True Story Quiz Stats

 Plays Quiz Updated May 2, 2015

Challenge
Share
Tweet
Embed
Score 0/30 Timer 05:00
1 Play Today
% Correct
The Social Network
92.6%
The King's Speech
92.6%
The Blind Side
88.1%
Erin Brockovich
87.7%
A Beautiful Mind
87.4%
Catch Me If You Can
87.5%
The Elephant Man
85.4%
Argo
84.6%
Black Hawk Down
84.5%
127 Hours
84.2%
Zero Dark Thirty
82.6%
Charlie Wilson's War
80.1%
The Pianist
77.6%
Into The Wild
75.4%
Valkyrie
71.7%
% Correct
Zodiac
71.3%
Butch Cassidy And The Sundance Kid
70.3%
Patch Adams
70.1%
My Left Foot
65.5%
The Basketball Diaries
63.3%
Quiz Show
62.7%
Boys Don't Cry
62.3%
Marley & Me
61.6%
Donnie Brasco
55.8%
Goodfellas
55%
Girl, Interrupted
50.3%
A Cry In The Dark
49.5%
Defiance
49.5%
Changeling
48.4%
Lawless
41.1%

You're not logged in!

Compare scores with friends on all Sporcle quizzes.
Join for Free
OR
Log In

You Might Also Like...

Show Comments

Extras

Top Quizzes Today


Score Distribution

Your Account Isn't Verified!

In order to create a playlist on Sporcle, you need to verify the email address you used during registration. Go to your Sporcle Settings to finish the process.

Report this User

Report this user for behavior that violates our Community Guidelines.

Details: